Entry Nombre personal
001 - NÚMERO DE CONTROL
- campo de control: 35030
003 - IDENTIFICADOR DEL NÚMERO DE CONTROL
- campo de control: BNPHU
005 - FECHA Y HORA DE LA ÚLTIMA TRANSACCIÓN
- campo de control: 20240305131110.0
008 - DATOS DE LONGITUD FIJA
- campo de control de longitud fija: 200615|| aca||aabn | a|a d
010 ## - NÚMERO DE CONTROL DE LA BIBLIOTECA DEL CONGRESO
- Número de control de LC: n 92074219
040 ## - FUENTE DE LA CATALOGACIÓN
- Centro catalogador/agencia de origen: DO-SdBNP
- Centro/agencia transcriptor: spa
- Lengua de catalogación: BNPHU
- Normas de descripción: rda
100 1# - ENCABEZAMIENTO-NOMBRE DE PERSONA
- Nombre de persona: Tardif, Emiliano,
- Fechas asociadas al nombre: 1928-1999
370 ## - LUGAR ASOCIADO
- Lugar de nacimiento: Beauce (Québec)
- Lugar de fallecimiento: Córdoba (Argentina)
- País asociado: Canada
- País asociado: República Dominicana
374 ## - OCUPACIÓN
- Ocupación: Sacerdote
- Ocupación: Curandero
377 ## - LENGUA/LENGUAJE ASOCIADO
- Código del idioma: fre
- Código del idioma: spa
400 1# - TRAZADO DE VÉASE--NOMBRE DE PERSONA
- Nombre de persona: Tardif, E.
- Fechas asociadas al nombre: 1928-1999
- Forma completa/desarrollada del nombre: (Emiliano)
400 1# - TRAZADO DE VÉASE--NOMBRE DE PERSONA
- Nombre de persona: Tardif, Émilien,
- Fechas asociadas al nombre: 1928-1999
670 ## - FUENTE DE DATOS ENCONTRADOS
- Cita de la fuente: Work cat.: (OSt)15065: Tardif, Emiliano, 1928-1999, La vuelta al mundo sin maleta /, 1995.
670 ## - FUENTE DE DATOS ENCONTRADOS
- Cita de la fuente: La joie de guérir nos frères, 1991
670 ## - FUENTE DE DATOS ENCONTRADOS
- Cita de la fuente: Steinmeier, Johannes. Das Wirken des Heiligen Geistes und das Charisma der Heilung, 2014
